<?xml version="1.0" encoding="UTF-8"?>
<collection xmlns:xsi="http://www.w3.org/2001/XMLSchema-instance" xsi:schemaLocation="http://www.loc.gov/MARC21/slim http://www.loc.gov/standards/marcxml/schema/MARC21slim.xsd" xmlns="http://www.loc.gov/MARC21/slim">
 <record>
  <leader>00000cam a22000003i 4500</leader>
  <controlfield tag="001">UP-1685523046125456535</controlfield>
  <controlfield tag="003">Buklod</controlfield>
  <controlfield tag="005">20080620115057.0</controlfield>
  <controlfield tag="006">m    |o  d |      </controlfield>
  <controlfield tag="007">cr |||||||||||</controlfield>
  <controlfield tag="008">080620s2006    xx     d     r    |||| u|</controlfield>
  <datafield tag="020" ind1=" " ind2=" ">
   <subfield code="a">0878938567</subfield>
  </datafield>
  <datafield tag="035" ind1=" " ind2=" ">
   <subfield code="a">(iLib)UPMNL-00003399429</subfield>
  </datafield>
  <datafield tag="037" ind1=" " ind2=" ">
   <subfield code="a">CASM-26215</subfield>
   <subfield code="b">Unicentre Industries, Inc.</subfield>
   <subfield code="c">Php7,806.00</subfield>
   <subfield code="n">DB</subfield>
  </datafield>
  <datafield tag="040" ind1=" " ind2=" ">
   <subfield code="a">CASM</subfield>
   <subfield code="e">rda</subfield>
  </datafield>
  <datafield tag="041" ind1=" " ind2=" ">
   <subfield code="a">eng</subfield>
  </datafield>
  <datafield tag="090" ind1=" " ind2="0">
   <subfield code="a">QK 711.2 T35 2006</subfield>
  </datafield>
  <datafield tag="100" ind1="1" ind2=" ">
   <subfield code="a">Taiz, Lincoln.</subfield>
  </datafield>
  <datafield tag="245" ind1="1" ind2="0">
   <subfield code="a">Plant physiology</subfield>
   <subfield code="c">Lincoln Taiz, Eduardo Zeiger.</subfield>
  </datafield>
  <datafield tag="250" ind1=" " ind2=" ">
   <subfield code="a">Fourth edition.</subfield>
  </datafield>
  <datafield tag="264" ind1=" " ind2="1">
   <subfield code="a">Sunderland, Mass.</subfield>
   <subfield code="b">Sinauer Associates</subfield>
   <subfield code="c">c2006.</subfield>
  </datafield>
  <datafield tag="300" ind1=" " ind2=" ">
   <subfield code="a">xxvi, 764 pages</subfield>
   <subfield code="b">illustrations (chiefly color)</subfield>
   <subfield code="c">29 cm.</subfield>
  </datafield>
  <datafield tag="336" ind1=" " ind2=" ">
   <subfield code="a">text</subfield>
   <subfield code="2">rdacontent</subfield>
  </datafield>
  <datafield tag="337" ind1=" " ind2=" ">
   <subfield code="a">unmediated</subfield>
   <subfield code="2">rdamedia</subfield>
  </datafield>
  <datafield tag="338" ind1=" " ind2=" ">
   <subfield code="a">volume</subfield>
   <subfield code="2">rdacarrier</subfield>
  </datafield>
  <datafield tag="504" ind1=" " ind2=" ">
   <subfield code="a">Includes bibliographical references and indexes</subfield>
  </datafield>
  <datafield tag="505" ind1="0" ind2=" ">
   <subfield code="a">Plant cells -- Energy and enzymes -- Water and plant cells -- Water balance of plants -- Mineral nutrition -- Solute transport -- Photosynthesis : the light reactions -- Photosynthesis : carbon reactions -- Photosynthesis : physiological and ecological considerations -- Translocation in the phloem -- Respiration and lipid metabolism -- Assimilation of mineral nutrients -- Secondary metabolites and plant defense -- Gene expression and signal transduction -- Cell walls : structure, biogenesis, and expansion -- Growth and development -- Phytochrome and light control of plant development -- Blue-light responses : stomatal movements and morphogenesis -- Auxin : the growth hormone -- Gibberellins : regulators of plant height and seed germination -- Cytokinins : regulators of cell division -- Ethylene : the gaseous hormone -- Abscisic acid : a seed maturation and antistress signal -- Brassinosteroids -- The control of flowering -- Stress physiology.</subfield>
  </datafield>
  <datafield tag="520" ind1=" " ind2=" ">
   <subfield code="a">This fourth edition provides the basics for introductory courses on plant physiology without sacrificing the more challenging material sought by upper division and graduate level students. Many new or revised figures and photographs, study questions and a glossary of key terms have been added.</subfield>
  </datafield>
  <datafield tag="650" ind1="1" ind2="0">
   <subfield code="a">Plant physiology.</subfield>
  </datafield>
  <datafield tag="700" ind1="1" ind2=" ">
   <subfield code="a">Zeiger, Eduardo.</subfield>
  </datafield>
  <datafield tag="905" ind1=" " ind2=" ">
   <subfield code="a">FO</subfield>
  </datafield>
  <datafield tag="852" ind1="0" ind2=" ">
   <subfield code="a">UPMNL</subfield>
   <subfield code="b">CASM</subfield>
   <subfield code="h">QK 711.2 T35 2006</subfield>
  </datafield>
  <datafield tag="942" ind1=" " ind2=" ">
   <subfield code="a">Book</subfield>
  </datafield>
 </record>
</collection>
